000 00428nam a22001697a 4500
005 20240626095538.0
008 240626b |||||||| |||| 00| 0 eng d
020 _a9781405170659
082 _a616.5
_bABC
245 _aABC of Dermatology /
250 _a5th ed.
260 _aUK ;
_bBlack well ;
_c2009
300 _aix,210p.
_bill ;
_c27 cm.
500 _ainclude index .
650 _aMedical / Dermatology
999 _c35963
_d35963